Cuadernos : transferencia de calor y materia en ingeniería de alimentos /
Guardado en:
| Autores Corporativos: | , |
|---|---|
| Formato: | Libro |
| Idioma: | Spanish |
| Publicado: |
[Argentina] :
CAMAT,
1979.
|
| Series: | Camat ;
3 |
| Materias: | |
| Etiquetas: |
Agregar Etiqueta
Sin Etiquetas, Sea el primero en etiquetar este registro!
|
| LEADER | 00999nam a22002295a 4500 | ||
|---|---|---|---|
| 001 | EIQ.libpla000535 | ||
| 008 | 060222s1979####ag#a##########100#0#spa#d | ||
| 005 | 20080528184124.0 | ||
| 245 | 1 | 0 | |a Cuadernos : |b transferencia de calor y materia en ingeniería de alimentos / |c Comité Argentino de Transferencia de Calor y Materia (CAMAT). |
| 260 | |a [Argentina] : |b CAMAT, |c 1979. | ||
| 300 | |a viii, 167 p. : |b il. ; |c 29 cm. | ||
| 440 | 0 | |a Camat ; |v 3 | |
| 111 | 2 | |a Seminario sobre Transferencia de Calor y Materia en Ingeniería de Alimentos |n (3er. : |d 1979 : |c Buenos Aires, Argentina) | |
| 710 | 2 | |a Comité Argentino de Transferencia de Calor y Materia (CAMAT) | |
| 246 | 1 | |a Cuadernos de Camat | |
| 650 | 4 | |a Industria alimenticia |x Congresos. | |
| 650 | 4 | |a Transferencia de calor |x Congresos. | |
| 650 | 4 | |a Transferencia de masa |x Congresos. | |
| 650 | 4 | |a Food technology |x Congresses. | |
| 650 | 4 | |a Heat transfer |x Congresses. | |
| 040 | |a AR-BbSID |b spa |c AR-BbSID | ||
| 859 | |a AR-BbSID |b BIB. PLAPIQUI |h 536.2 |i C 735 |p 1054 | ||
